书目信息 |
| 题名: |
师生沟通
|
|
| 作者: | 刘翔平 主编 | |
| 分册: | ||
| 出版信息: | 北京 北京师范大学出版社 2016 |
|
| 页数: | 172页 | |
| 开本: | 24cm | |
| 丛书名: | 家校互动系列 | |
| 单 册: | ||
| 中图分类: | G456 | |
| 科图分类: | ||
| 主题词: | 师生关系--shi sheng guan xi--研究 | |
| 电子资源: | ||
| ISBN: | 978-7-303-20955-2 | |
| 000 | 00725nam 2200253 450 | |
| 001 | 012001003753 | |
| 005 | 20131027080927.0 | |
| 010 | @a978-7-303-20955-2@dCNY26.00 | |
| 099 | @aCAL 012017050243 | |
| 100 | @a20170409d2016 em y0chiy50 ea | |
| 101 | 0 | @achi |
| 102 | @aCN@b110000 | |
| 105 | @ay z 000yy | |
| 106 | @ar | |
| 200 | 1 | @a师生沟通@Ashi sheng gou tong@f刘翔平主编 |
| 210 | @a北京@c北京师范大学出版社@d2016 | |
| 215 | @a172页@d24cm | |
| 225 | 2 | @a家校互动系列@Ajia xiao hu dong xi lie |
| 410 | 0 | @12001 @a家校互动系列 |
| 606 | 0 | @a师生关系@Ashi sheng guan xi@x研究 |
| 690 | @aG456@v5 | |
| 701 | 0 | @a刘翔平@Aliu xiang ping@4主编 |
| 801 | 2 | @aCN@b江苏凤凰@c20191020 |
| 905 | @b1227515-8@dG456@e344@f4 | |
| 师生沟通/刘翔平主编.-北京:北京师范大学出版社,2016 |
| 172页;24cm.-(家校互动系列) |
| ISBN 978-7-303-20955-2:CNY26.00 |
| ● |
| 相关链接 |
|
|
|
|
正题名:师生沟通
索取号:G456/344
 
预约/预借
| 序号 | 登录号 | 条形码 | 馆藏地/架位号 | 状态 | 备注 |
| 1 | 1227515 | 212275152 | 第一样本阅览室/ [索取号:G456/344] | 在馆 | |
| 2 | 1227516 | 212275161 | 教育系资料室/ [索取号:G456/344] | 在馆 | |
| 3 | 1227517 | 212275170 | 教育系资料室/ [索取号:G456/344] | 在馆 | |
| 4 | 1227518 | 212275189 | 第四借阅区/ [索取号:G456/344] | 在馆 |